<?xml version="1.0" encoding="UTF-8"?>
<resp>
  <nextPage>https://data.bn.org.pl/api/networks/bibs.marcxml?marc=001+b0000080135738&amp;sinceId=80135739</nextPage>
  <collection>
    <record xmlns='http://www.loc.gov/MARC21/slim'><leader>01554cam a2200265 i 4500</leader><controlfield tag='001'>b0000080135738</controlfield><controlfield tag='005'>20241203215951.6</controlfield><controlfield tag='008'>100111s2013    pl i          0     pol d</controlfield><controlfield tag='009'>9912892362205606</controlfield><datafield ind1=' ' ind2=' ' tag='035'><subfield code='a'>(PL)b0000080135738</subfield></datafield><datafield ind1=' ' ind2=' ' tag='035'><subfield code='a'>(Aleph)000224539SGH01</subfield></datafield><datafield ind1=' ' ind2=' ' tag='035'><subfield code='a'>990002245390307664-48omnis_network</subfield></datafield><datafield ind1=' ' ind2=' ' tag='040'><subfield code='a'>SGH</subfield><subfield code='c'>SGH</subfield></datafield><datafield ind1='0' ind2=' ' tag='041'><subfield code='a'>pol</subfield></datafield><datafield ind1='1' ind2=' ' tag='100'><subfield code='a'>Prokop, Marcin</subfield></datafield><datafield ind1='0' ind2='0' tag='245'><subfield code='a'>Finansowanie działalności przedsiębiorstwa w sektorze bankowym /</subfield><subfield code='c'>Marcin Prokop.</subfield></datafield><datafield ind1=' ' ind2=' ' tag='260'><subfield code='a'>Warszawa :</subfield><subfield code='b'>Szkoła Główna Handlowa,</subfield><subfield code='c'>2013.</subfield></datafield><datafield ind1=' ' ind2=' ' tag='300'><subfield code='a'>75 s.</subfield></datafield><datafield ind1=' ' ind2=' ' tag='502'><subfield code='a'>Praca licencjacka</subfield></datafield><datafield ind1=' ' ind2=' ' tag='520'><subfield code='a'>Niniejsza praca ma na celu przedstawienie dostępnych polskiemu przedsiębiorcy możliwych źródeł finansowania działalności przedsiębiorstwa ze strony sektora bankowego. Składa się ona z wstępu, zakończenia oraz trzech rozdziałów właściwych. Dwa pierwsze rozdziały mają charakter teoretyczny, trzeci z nich ma charakter praktyczny i przeprowadzona w nim została analiza spółki Vistula Group S.A. pod względem wcześniej omówionych elementów. W rozdziałach teoretycznych omówione zostały podziały kapitału oraz dostępność poszczególnych źródeł finansowania, które w rozdziale drugim zostają szczegółowo omówione. Rozdział trzeci to analiza spółki pod względem wykorzystania kapitału i ukształtowanej struktury kapitału.</subfield></datafield><datafield ind1=' ' ind2=' ' tag='521'><subfield code='a'>spis treści - brak</subfield></datafield><datafield ind1=' ' ind2=' ' tag='852'><subfield code='b'>48OMNIS_NETWORK</subfield><subfield code='8'>9912892362205606</subfield></datafield><datafield ind1=' ' ind2=' ' tag='852'><subfield code='b'>48OMNIS_WSE</subfield><subfield code='8'>990002245390307664</subfield></datafield></record>
  </collection>
</resp>
